Word Ladder: WWE's Hot Rod Quiz Stats

Quiz Updated Aug 25, 2015

Challenge
Share
Tweet
Embed
Score 0/29 Timer 05:00
2 Plays Today
Clue 5-Letter Word % Correct
Apple founder Jobs or 'Bullitt' star McQueenSTEVE
88.5%
To depart from a locationLEAVE
88.4%
Contract for renting a propertyLEASE
86.5%
Prepared to act; often complemented by 'set' and 'go'READY
86.4%
Like bread that is no longer freshSTALE
86.3%
Features common to birds, bats, and airplanesWINGS
86.3%
Piece of broken glassSHARD
86.2%
Chardonnay, Merlot, and Pinot Noir, e.g.WINES
86.1%
To look at someone fixedlySTARE
86.1%
Having great weightHEAVY
85.9%
Pieces of cloth used to clean babies during diaper changersWIPES
85.5%
Item used for removing material from a windshieldWIPER
84.8%
A unit of stock in a companySHARE
84.6%
To lift something of great weightHEAVE
84.1%
Produces harmonious sounds with one's voiceSINGS
83.1%
Clue 5-Letter Word % Correct
To stop doing something, often paired with 'desist'CEASE
82.5%
A slight burnSINGE
80.7%
Lengthy military assault of a citySIEGE
80.6%
Intoxicating or upsetting to the mindHEADY
79.7%
Device used to strain granular materialSIEVE
79.7%
Upright slab with engravings or paintingsSTELE
77.9%
To pursue or hunt a person or thingCHASE
75.8%
Bitter vegetable, similar to beetsCHARD
73.6%
Aussie Helen who sang 'I Am Woman'REDDY
73.2%
With rungs 1 and 2, WWE legend (and headliner of the first WrestleMania)★PIPER★
71.9%
With rungs 1 and 29, WWE legend (and star of 'They Live')★RODDY★
70.2%
A deep gorge or abyssCHASM
69.2%
Rough and disorderly, nickname of WWE legend of rungs 2 and 29★ROWDY★
69.1%
Object believed to have magical powersCHARM
67.9%

Today's Daily Dose

Missing Word
For Dummies Books

Word Ladder
Ariana Grande

Quick Pick
1970s Authors

On This Day
June 21st II

You're not logged in!

Compare scores with friends on all Sporcle quizzes.
Join for Free
OR
Log In

You Might Also Like...

Show Comments

Extras

Top Quizzes Today


Score Distribution

Your Account Isn't Verified!

In order to create a playlist on Sporcle, you need to verify the email address you used during registration. Go to your Sporcle Settings to finish the process.

Report this User

Report this user for behavior that violates our Community Guidelines.

Details: